| 000 | 00502nam a2200157Ia 4500 | ||
|---|---|---|---|
| 999 |
_c20534 _d20534 |
||
| 003 | OSt | ||
| 005 | 20200610141342.0 | ||
| 008 | 190216s9999||||xx |||||||||||||| ||und|| | ||
| 040 | _coclc | ||
| 082 |
_a294.551209 _bJAI/O |
||
| 100 |
_aJaiswal, Suvira _92742 |
||
| 245 | 4 |
_aThe Origin And Development Of Vaisnavism / _cSuvira Jaiswal |
|
| 260 |
_bMunshiram Manoharlal Pub Pvt Ltd, _c1980. _aNew Delhi: |
||
| 300 | _a290p | ||
| 942 |
_cBK _2ddc _h294.551209 _iJAI/O _k294.551209 _mJAI/O |
||